书目信息 |
| 题名: |
梁朝伟画传
|
|
| 作者: | 黄晓阳 著 | |
| 分册: | ||
| 出版信息: | 北京 中国广播电视出版社 2005.04 |
|
| 页数: | 256页, [1] 页图版 | |
| 开本: | 23cm | |
| 丛书名: | 炫人类画报系列 | |
| 单 册: | ||
| 中图分类: | K825.78 | |
| 科图分类: | ||
| 主题词: | 电影演员--dian ying yan yuan--生平事迹--中国--现代 | |
| 电子资源: | ||
| ISBN: | 7-5043-4449-4 | |
| 000 | 00918nam 2200253 450 | |
| 001 | 012007393044 | |
| 005 | 20091103094900.89 | |
| 010 | @a7-5043-4449-4@dCNY39.80 | |
| 100 | @a20070805d2005 km y0chiy0120 ea | |
| 101 | 0 | @achi |
| 102 | @aCN@b110000 | |
| 105 | @aaf z 000yb | |
| 200 | 1 | @a梁朝伟画传@Aliang chao wei hua chuan@f黄晓阳著@Fhuang xiao yang zhu |
| 210 | @a北京@c中国广播电视出版社@d2005.04 | |
| 215 | @a256页, [1] 页图版@c图@d23cm | |
| 225 | 2 | @a炫人类画报系列@Axuan ren lei hua bao xi lie |
| 330 | @a本书介绍了梁朝伟的童年、成为影视新星、绯闻缠身、爱情宿命、红尘有爱、迷失在角色里、人生是一种感悟、风雨情途等生活情节。 | |
| 410 | 0 | @12001 @a炫人类画报系列 |
| 600 | 0 | @a梁朝伟,@Aliang chao wei@f1962- @x生平事迹 |
| 606 | 0 | @a电影演员@Adian ying yan yuan@x生平事迹@y中国@z现代 |
| 690 | @aK825.78@v4 | |
| 701 | 0 | @a黄晓阳@Ahuang xiao yang@4著 |
| 801 | 0 | @aCN@c20091103 |
| 905 | @dK825.78@eH9001 | |
| 梁朝伟画传/黄晓阳著.-北京:中国广播电视出版社,2005.04 |
| 256页, [1] 页图版:图;23cm.-(炫人类画报系列) |
| ISBN 7-5043-4449-4:CNY39.80 |
| 本书介绍了梁朝伟的童年、成为影视新星、绯闻缠身、爱情宿命、红尘有爱、迷失在角色里、人生是一种感悟、风雨情途等生活情节。 |
| ● |
| 相关链接 |
|
|
|
正题名:梁朝伟画传
索取号:K825.78/H9001
 
预约/预借
| 序号 | 登录号 | 条形码 | 馆藏地/架位号 | 状态 | 备注 |
| 1 | 256088 | 202560889 | 社科库309/309社科库 55排1列2层/ [索取号:K825.78/H9001] | 在馆 | |
| 2 | 256089 | 202560898 | 社科库309/309社科库 55排1列2层/ [索取号:K825.78/H9001] | 在馆 |